00554pab a2200181 454500008004000000100002200040245011000062260000900172300001500181362000800196650001300204650002500217650001300242650003200255650002700287700002200314773003600336180718b2012 xxu||||| |||| 00| 0 eng d aBalkin , David B. aFacilitating and creating synergies between teaching and research: The role of the academic administrator c2012 ap.471-494. aAug aResearch aManagement education aTeaching aAcademic teaching personnel aEducational management aMello, Jeffrey A. aJournal of Management Education